<?xml version="1.0" encoding="UTF-8"?>
<collection xmlns="http://www.loc.gov/MARC21/slim">
 <record>
  <leader>02298pam a22002778a 4500</leader>
  <controlfield tag="001">00022728</controlfield>
  <controlfield tag="005">20171026081022.0</controlfield>
  <controlfield tag="008">110602s2007                  ||||||Viesd</controlfield>
  <datafield tag="041" ind1="0" ind2="#">
   <subfield code="a">Vie</subfield>
  </datafield>
  <datafield tag="082" ind1="1" ind2="4">
   <subfield code="a">796.440 71</subfield>
   <subfield code="b">GI108TR</subfield>
  </datafield>
  <datafield tag="100" ind1="0" ind2="#">
   <subfield code="a">Vũ Đức Thu</subfield>
  </datafield>
  <datafield tag="245" ind1="0" ind2="0">
   <subfield code="a">Giáo trình lí luận và phương pháp thể dục thể thao</subfield>
   <subfield code="b">Sách dành cho Cao đẳng sư phạm</subfield>
   <subfield code="c">Vũ Đức Thu, Trương Anh Tuấn</subfield>
  </datafield>
  <datafield tag="260" ind1="#" ind2="#">
   <subfield code="a">H.</subfield>
   <subfield code="b">Đại học sư phạm</subfield>
   <subfield code="c">2007</subfield>
  </datafield>
  <datafield tag="300" ind1="#" ind2="#">
   <subfield code="a">224 tr.</subfield>
   <subfield code="c">24 cm.</subfield>
  </datafield>
  <datafield tag="500" ind1="#" ind2="#">
   <subfield code="a">ĐTTS ghi: Bộ Giáo dục và đào tạo. Dự án đào tạo giáo viên THCS</subfield>
  </datafield>
  <datafield tag="650" ind1="#" ind2="4">
   <subfield code="a">Giáo trình</subfield>
  </datafield>
  <datafield tag="650" ind1="#" ind2="4">
   <subfield code="a">Lý luận</subfield>
  </datafield>
  <datafield tag="650" ind1="#" ind2="4">
   <subfield code="a">Phương pháp</subfield>
  </datafield>
  <datafield tag="653" ind1="#" ind2="#">
   <subfield code="a">Thể dục thể thao</subfield>
  </datafield>
  <datafield tag="700" ind1="0" ind2="#">
   <subfield code="a">Trương Anh Tuấn</subfield>
  </datafield>
  <datafield tag="852" ind1="#" ind2="#">
   <subfield code="b">Kho giáo trình</subfield>
   <subfield code="j">KGT.0016924, KGT.0016925, KGT.0016926, KGT.0016927, KGT.0016928, KGT.0016929, KGT.0016930, KGT.0016931, KGT.0016932, KGT.0016933, KGT.0016934, KGT.0016935, KGT.0016936, KGT.0016937, KGT.0016938, KGT.0016939, KGT.0016940, KGT.0016941, KGT.0016942, KGT.0016943, KGT.0016944, KGT.0016945, KGT.0016946, KGT.0016947, KGT.0016948, KGT.0016949, KGT.0016950, KGT.0016951, KGT.0016952, KGT.0016953, KGT.0016954, KGT.0016955, KGT.0016956, KGT.0016957, KGT.0016958, KGT.0016959, KGT.0016960, KGT.0016961, KGT.0016962, KGT.0016963, KGT.0016964, KGT.0016965, KGT.0016966, KGT.0016967, KGT.0016968, KGT.0016969, KGT.0016970, KGT.0016971</subfield>
  </datafield>
  <datafield tag="852" ind1="#" ind2="#">
   <subfield code="b">Kho mượn</subfield>
   <subfield code="j">KGT.0016924</subfield>
  </datafield>
  <datafield tag="852" ind1="#" ind2="#">
   <subfield code="b">Kho đọc</subfield>
   <subfield code="j">KD.0009671</subfield>
  </datafield>
  <datafield tag="852" ind1="#" ind2="#">
   <subfield code="j">KGT.0016924</subfield>
   <subfield code="j">KGT.0016926</subfield>
   <subfield code="j">KGT.0016927</subfield>
   <subfield code="j">KGT.0016929</subfield>
   <subfield code="j">KGT.0016930</subfield>
   <subfield code="j">KGT.0016932</subfield>
   <subfield code="j">KGT.0016933</subfield>
   <subfield code="j">KGT.0016935</subfield>
   <subfield code="j">KGT.0016936</subfield>
   <subfield code="j">KGT.0016938</subfield>
   <subfield code="j">KGT.0016939</subfield>
   <subfield code="j">KGT.0016941</subfield>
   <subfield code="j">KGT.0016942</subfield>
   <subfield code="j">KGT.0016944</subfield>
   <subfield code="j">KGT.0016946</subfield>
   <subfield code="j">KGT.0016947</subfield>
   <subfield code="j">KGT.0016949</subfield>
   <subfield code="j">KGT.0016950</subfield>
   <subfield code="j">KGT.0016952</subfield>
   <subfield code="j">KGT.0016953</subfield>
   <subfield code="j">KGT.0016955</subfield>
   <subfield code="j">KGT.0016956</subfield>
   <subfield code="j">KGT.0016958</subfield>
   <subfield code="j">KGT.0016959</subfield>
   <subfield code="j">KGT.0016963</subfield>
   <subfield code="j">KGT.0016964</subfield>
   <subfield code="j">KGT.0016966</subfield>
   <subfield code="j">KGT.0016967</subfield>
   <subfield code="j">KGT.0016971</subfield>
   <subfield code="j">KD.0009671</subfield>
   <subfield code="j">KGT.0016960</subfield>
   <subfield code="j">KGT.0016969</subfield>
   <subfield code="j">KGT.0016970</subfield>
   <subfield code="j">KGT.0016962</subfield>
   <subfield code="j">KGT.0016965</subfield>
   <subfield code="j">KGT.0016968</subfield>
   <subfield code="j">KGT.0016925</subfield>
   <subfield code="j">KGT.0016928</subfield>
   <subfield code="j">KGT.0016931</subfield>
   <subfield code="j">KGT.0016934</subfield>
   <subfield code="j">KGT.0016937</subfield>
   <subfield code="j">KGT.0016940</subfield>
   <subfield code="j">KGT.0016943</subfield>
   <subfield code="j">KGT.0016945</subfield>
   <subfield code="j">KGT.0016948</subfield>
   <subfield code="j">KGT.0016951</subfield>
   <subfield code="j">KGT.0016954</subfield>
   <subfield code="j">KGT.0016957</subfield>
   <subfield code="j">KGT.0016961</subfield>
  </datafield>
  <datafield tag="910" ind1=" " ind2=" ">
   <subfield code="d">02/06/2011</subfield>
  </datafield>
  <datafield tag="980" ind1="#" ind2="#">
   <subfield code="a">Trung tâm Học liệu Lê Vũ Hùng, Trường Đại học Đồng Tháp</subfield>
  </datafield>
 </record>
</collection>
